The Ning Mansion in The dream of the red chamber /
Saved in:
| Main Author: | |
|---|---|
| Format: | Thesis Book |
| Language: | Chinese |
| Published: |
1989.
|
| Subjects: | |
| Tags: |
Add Tag
No Tags, Be the first to tag this record!
|
| LEADER | 00725cam a2200229 a 4500 | ||
|---|---|---|---|
| 001 | u93531 | ||
| 003 | SIRSI | ||
| 008 | 910604s1989 si v 00 1 chi m | ||
| 035 | |a AAK-2155 | ||
| 040 | |a UMM | ||
| 041 | |a chi |b eng | ||
| 090 | |a PL2727 |b S2HZTan | ||
| 100 | 1 | 0 | |a Tan, Mei Leng. |
| 245 | 1 | 4 | |a The Ning Mansion in The dream of the red chamber / |c Tan Mei Leng. |
| 260 | 1 | |c 1989. | |
| 300 | |a 166 leaves ; |c 30 cm. | ||
| 500 | |a Chinese with English summary. | ||
| 502 | |a Dissertation (M.A.) -- National University of Singapore, 1989. | ||
| 600 | 1 | 0 | |a Cao, Xueqin, |d ca. 1717-1763. |t Hong lou meng. |
| 948 | |a 13/08/1991 |b 30/04/2001 | ||
| 596 | |a 1 | ||
| 999 | |a PL2727 S2HZTAN |w LC |c 1 |i A010882227 |l STACKS |m P01UTAMA |r Y |s Y |t TESIS |u 21/1/1992 | ||
